Problematika corporate social responsibility se zaměřením na lidský kapitál, gender studies a environmentální management syntetická studie
Saved in:
| Other Authors: | , |
|---|---|
| Format: | Book |
| Language: | Czech English Slovak |
| Published: |
Liberec
Hospodářská fakulta Technické univerzity v Liberci
2007
|
| Subjects: | |
| Tags: |
No Tags, Be the first to tag this record!
|
MARC
| LEADER | 00000nlm$a2200000$$$4500 | ||
|---|---|---|---|
| 001 | 0069231 | ||
| 005 | 20240109070335.3 | ||
| 020 | |a 978-80-7372-289-0 | ||
| 041 | 0 | |a cze | |
| 041 | 0 | |a eng | |
| 041 | 0 | |a slo | |
| 044 | |a CZ | ||
| 245 | 1 | 0 | |a Problematika corporate social responsibility se zaměřením na lidský kapitál, gender studies a environmentální management |b syntetická studie |c editors: Martina Prskavcová, Kateřina Maršíková |
| 264 | 1 | |a Liberec |b Hospodářská fakulta Technické univerzity v Liberci |c 2007 | |
| 300 | |a CD-ROM | ||
| 610 | 2 | 0 | |a zodpovednosť spoločenská |
| 610 | 2 | 0 | |a kapitál ľudský |
| 610 | 2 | 0 | |a manažment |
| 610 | 2 | 0 | |a environmentalistika |
| 610 | 2 | 0 | |a firmy |
| 610 | 2 | 0 | |a podnik |
| 610 | 2 | 0 | |a stratégia podniková |
| 610 | 2 | 0 | |a stratégia podnikateľská |
| 610 | 2 | 0 | |a ekológia |
| 610 | 2 | 0 | |a ochrana zdravia |
| 610 | 2 | 0 | |a rozhodovanie investičné |
| 610 | 2 | 0 | |a CSR |
| 700 | 1 | |a Prskavcová, Martina | |
| 700 | 1 | |a Maršíková, Kateřina | |